Step-by-step medical coding / (Record no. 299)

MARC details
000 -LEADER
fixed length control field 01071nam a22003017a 4500
001 - CONTROL NUMBER
control field 11799659
005 - DATE AND TIME OF LATEST TRANSACTION
control field 20230426131323.0
008 - FIXED-LENGTH DATA ELEMENTS--GENERAL INFORMATION
fixed length control field 230426b |||||||| |||| 00| 0 eng d
010 ## - LIBRARY OF CONGRESS CONTROL NUMBER
LC control number 99049761
020 ## - INTERNATIONAL STANDARD BOOK NUMBER
International Standard Book Number 9780323709262
Qualifying information (pbk)
035 ## - SYSTEM CONTROL NUMBER
System control number (DNLM)100897122
040 ## - CATALOGING SOURCE
Original cataloging agency DNLM/DLC
Transcribing agency KMU
Modifying agency KMU
042 ## - AUTHENTICATION CODE
Authentication code pcc
050 00 - LIBRARY OF CONGRESS CALL NUMBER
Classification number RB 115 Buc 2021
Item number .B83 2000
100 1# - MAIN ENTRY--PERSONAL NAME
Personal name Buck, Carol J.
245 10 - TITLE STATEMENT
Title Step-by-step medical coding /
Statement of responsibility, etc. Carol J. Buck and Jackie L.Koesterman
250 ## - EDITION STATEMENT
Edition statement 25 Edition.
260 ## - PUBLICATION, DISTRIBUTION, ETC.
Place of publication, distribution, etc. Philadelphia :
Name of publisher, distributor, etc. W.B. Saunders,
Date of publication, distribution, etc. c2021.
300 ## - PHYSICAL DESCRIPTION
Extent xxiii, 807 p. :
Other physical details ill. ;
Dimensions 28 cm.
504 ## - BIBLIOGRAPHY, ETC. NOTE
Bibliography, etc. note Includes bibliographical references and index.
650 #0 - SUBJECT ADDED ENTRY--TOPICAL TERM
Topical term or geographic name entry element Nosology
General subdivision Code numbers.
650 12 - SUBJECT ADDED ENTRY--TOPICAL TERM
Topical term or geographic name entry element Classification.
650 12 - SUBJECT ADDED ENTRY--TOPICAL TERM
Topical term or geographic name entry element Terminology.
700 1# - ADDED ENTRY--PERSONAL NAME
Personal name Koesterman Jackie L.
906 ## - LOCAL DATA ELEMENT F, LDF (RLIN)
a 7
b cbc
c orignew
d 1
e ocip
f 19
g y-gencatlg
942 ## - ADDED ENTRY ELEMENTS (KOHA)
Source of classification or shelving scheme Library of Congress Classification
Koha item type Non-Fiction
Suppress in OPAC No
Holdings
Withdrawn status Lost status Source of classification or shelving scheme Damaged status Not for loan Collection Home library Current library Shelving location Date acquired Source of acquisition Total Checkouts Full call number Barcode Date last seen Price effective from Koha item type
    Library of Congress Classification     Non-fiction Kapasa Makasa University Kapasa Makasa University Open Access 26.04.2023 Zambia Library Service   RB 115 Buc 300199 26.04.2023 26.04.2023 Non-Fiction